000 00727nam a2200217 i 4500
001 176887
003 ES-MaACL
005 20230906220214.0
008 110216s1969 sp ao |||| | spa d
080 _a75:069(450.341) Galería de la Academia de Venecia
245 0 0 _aGalería de la Academia de Venecia /
_cpresentación de Francesco Valcanover.
260 _aMadrid :
_bCodex,
_c[1969]
300 _a86 p. :
_bil. col. y n. ;
_c32 cm.
490 1 _aEl mundo de los museos
500 _aÍndices.
610 2 4 _aGallerie dell'Accademia di Venezia.
_9160003
700 1 _aValcanover, Francesco.
_9145237
830 0 _aEl mundo de los museos
_9190282
852 _aES-MaACL
_jE-14333
_xOlim P-1361
999 _c176887
_d176887